000 00620cab a2200229 4500
001 WB3035-28
008 090401t1994 xxu||||| |||| 00| 0 eng d
035 _a(Sirsi) u52875
041 _aeng
245 _aRebuilding Beirut
260 _c1994
350 _a0
490 _aFinancial Times
_v22 September 1994, 3(1)
520 _aMore contracts for the rebuilding of Beirut will be announced shortly.
650 _aBEIRUT
650 _aCONSTRUCTION MARKET
650 _aLEBANON
690 _aBUILDING AND CONSTRUCTION-PROJECTS
690 _aOVERSEAS-REST OF THE WORLD
942 _n0
948 _c04/03/1997
999 _c32637
_d32637